=LDR 00000nam 2200000 4500 =001 INLIS000000000005438 =005 20130612093703 =008 ***********************************Ind** =035 ##$$0010-061300000005438 =041 ##$$a Ind =082 ##$$a 428 =090 ##$$a 428, Suj b =100 ##$$a Sujoko, R =245 ##$$a Belajar percakapan bahasa inggris bagi pemula baru: english conversation for beginans, Sujoko R =260 ##$$a 1999 $b Bandung =300 ##$$a xiv, 122 hlm. ; 21 cm =650 ##$$a Bahasa Inggris percakapan =850 ##$$a NBPNMAT